Loading...
| Fine Arts - Auditory Fine Arts | 7 | 20.00 | 100% | 57% | 43% |
| Fine Arts - Other Fine Arts | 6 | 15.00 | 100% | 33% | 17% |
| Fine Arts - Visual Fine Arts | 4 | 7.50 | 75% | 0% | 0% |
| History - American History | 5 | 18.00 | 100% | 80% | 0% |
| History - European History | 5 | 12.00 | 60% | 20% | 40% |
| History - Other History | 7 | 10.00 | 71% | 29% | 0% |
| History - World History | 4 | 20.00 | 100% | 50% | 50% |
| Literature - American Literature | 3 | 16.67 | 100% | 67% | 0% |
| Literature - British Literature | 5 | 16.00 | 100% | 60% | 0% |
| Literature - European Literature | 5 | 18.00 | 100% | 80% | 0% |
| Literature - World Literature | 5 | 14.00 | 80% | 40% | 20% |
| Mythology | 5 | 18.00 | 100% | 40% | 40% |
| Other Academic | 1 | 10.00 | 100% | 0% | 0% |
| Philosophy | 2 | 10.00 | 50% | 50% | 0% |
| Pop Culture | 1 | 10.00 | 100% | 0% | 0% |
| Religion | 3 | 10.00 | 100% | 0% | 0% |
| Science - Biology | 2 | 20.00 | 100% | 50% | 50% |
| Science - Chemistry | 5 | 14.00 | 80% | 20% | 40% |
| Science - Other Science | 5 | 20.00 | 80% | 80% | 40% |
| Science - Physics | 3 | 26.67 | 100% | 67% | 100% |
| Social Science | 6 | 13.33 | 100% | 17% | 17% |